000 00504nam a2200181Ia 4500
008 240925s9999 xx 000 0 und d
020 _a9812530574
082 _a621.319 KIM
100 _aKimbark ,Edward Wilson
245 0 _aPower System Stability: elements of stability calculatoins
250 _aNA
260 _aNew York:
_bJohn Wiley & Sons
_c,2004.
300 _axxiv,621p.
_bII
_fOriginal
500 _aIncludes Index
600 _aElectronic Engineering
650 _aTechnology
942 _cBK
999 _c8346
_d8346